|
|
|
|
| LEADER |
00000nta a2200000 i 4500 |
| 001 |
dolg20474 |
| 005 |
20200420100922.0 |
| 008 |
190503suuuu hu om 000 eng d |
| 040 |
|
|
|a BGE Dolgozattár Repozitórium
|b hun
|
| 041 |
|
|
|a en
|
| 100 |
1 |
|
|a Czellér Kinga
|
| 245 |
1 |
4 |
|a The steps and methodology of change management
|c Czellér Kinga
|h [elektronikus dokumentum]
|
| 246 |
1 |
1 |
|a A változáskezelés lépései és módszertana
|
| 246 |
1 |
1 |
|a The steps and methodology of change management
|
| 695 |
|
|
|a Változásmenedzsment
|
| 695 |
|
|
|a Változáskezelés
|
| 700 |
1 |
|
|a Murányiné Radvány Éva
|e ths
|
| 856 |
4 |
0 |
|u http://dolgozattar.uni-bge.hu/20474/1/kingaczeller_thesis_FINAL.pdf
|z Dokumentum-elérés
|